• 首页
  • 本馆介绍
  • 公告通知
  • 最新文献
  • 馆藏检索
  • 电子资源
  • 读者导购
  • 参考咨询
  • 我的图书馆
  • 登录
  • 详细信息显示
  • 放入我的书架
  • 预约/预借图书
  • 作者相关作品
  • 分类相关作品
  • 丛书相关作品
  • 出版社相关作品

书目信息

  • 表格格式
  • 工作单格式
  • 卡片格式
题名:
"21世纪论坛"2010年会议文集
    
 
作者: 本书编委会编
分册:  
出版信息: 北京   外文出版社  2011.01
页数: 706页
开本: 26cm
丛书名:
单 册:
中图分类: Z427.6 , Z427.6
科图分类:
主题词: 文集--中国 , 全集--中国 , 选集--中国
电子资源:
ISBN: 978-7-119-06892-3
000 00623nam0 2200217 450
001 1136401295
005 20110404100732.45
010    @a978-7-119-06892-3@dCNY120.00
100    @a20110404d2011 km y0chiy0120 ea
101 0  @achi
102    @aCN@b110000
200 1  @a"21世纪论坛"2010年会议文集@A"21 shi ji lun tan"2010 nian hui yi wen ji@f本书编委会编@Fben shu bian wei hui bian
210    @a北京@c外文出版社@d2011.01
215    @a706页@d26cm
606 0  @a文集@x中国
606 0  @a全集@x中国
606 0  @a选集@x中国
690    @aZ427.6@v5
690    @aZ427.6@v4
801  0 @aCN@bNISOFT@c20110404
905    @aBZT@dZ427.6@e1
    
    "21世纪论坛"2010年会议文集/本书编委会编.-北京:外文出版社,2011.01
    706页;26cm
    
    
    ISBN 978-7-119-06892-3:CNY120.00
    
●
相关链接 在五车中查询图书 在当当中查询图书 在豆瓣中查询图书


正题名:"21世纪论坛"2010年会议文集     索取号:Z427.6/1         预约/预借

序号 登录号 条形码 馆藏地/架位号 状态 备注
1 759672   2000759672   样本书库/样007架B面5层3列/ [索取号:Z427.6/1] 在馆    
2 759673   2000759673   中心书库北库/ 北库039架B面3列1层1/ [索取号:Z427.6/1] 在馆    
3 759674   2000759674   中心书库北库/ 北库039架B面3列1层2/ [索取号:Z427.6/1] 在馆    
4 759675   2000759675   中心书库北库/ 北库039架B面3列1层3/ [索取号:Z427.6/1] 在馆    
5 759676   2000759676   中心书库北库/ 北库039架B面3列1层4/ [索取号:Z427.6/1] 在馆    
山东省滨州职业学院图书馆 欢迎您!
大连网信软件有限公司© 版权所有